000
00317nam a2200133Ia 4500
100
_a
Derfler & Freed
942
_c
BK
654
_a
Windows for work groups
245
_a
Guide to Windows for work Groups
260
_b
Ziff.Davis
_a
California
_c
1991
082
_a
005.13 'W'
546
_a
ENGLISH
999
_c
29582
_d
29582